Why prolife? / (Record no. 17717)

000 -LEADER
fixed length control field 02413cam a22003614a 4500
001 - CONTROL NUMBER
control field 13643078
003 - CONTROL NUMBER IDENTIFIER
control field OkBaRHE
005 - DATE AND TIME OF LATEST TRANSACTION
control field 20110517215458.0
008 - FIXED-LENGTH DATA ELEMENTS--GENERAL INFORMATION
fixed length control field 040701s2004 oru b 000 0 eng
010 ## - LIBRARY OF CONGRESS CONTROL NUMBER
LC control number 2004015517
020 ## - INTERNATIONAL STANDARD BOOK NUMBER
International Standard Book Number 1590523695
040 ## - CATALOGING SOURCE
Original cataloging agency DLC
Transcribing agency DLC
Modifying agency DLC
042 ## - AUTHENTICATION CODE
Authentication code pcc
050 00 - LIBRARY OF CONGRESS CALL NUMBER
Classification number HQ 766.15
Item number .A53 2004
082 00 - DEWEY DECIMAL CLASSIFICATION NUMBER
Classification number 363.46
Edition number 22
100 1# - MAIN ENTRY--PERSONAL NAME
Personal name Alcorn, Randy C.
9 (RLIN) 810
245 10 - TITLE STATEMENT
Title Why prolife? /
Statement of responsibility, etc Randy Alcorn.
246 3# - VARYING FORM OF TITLE
Title proper/short title Why pro-life?
260 ## - PUBLICATION, DISTRIBUTION, ETC. (IMPRINT)
Place of publication, distribution, etc Sisters, Or. :
Name of publisher, distributor, etc Multnomah Publishers,
Date of publication, distribution, etc c2004.
300 ## - PHYSICAL DESCRIPTION
Extent 136 p. ;
Dimensions 19 cm.
504 ## - BIBLIOGRAPHY, ETC. NOTE
Bibliography, etc Includes bibliographical references (p. 123-136).
505 0# - FORMATTED CONTENTS NOTE
Formatted contents note Why talk about abortion? -- Pro-woman or pro-child? -- Is the unborn really a human being? -- What's the difference between egg, sperm, embryo, and fetus? -- Is the unborn part of the woman's body? -- What do the pictures tell us? -- What makes a human life "meaningful"? -- Is abortion really a women's rights issue? -- Do we have the right to choose what we do with our bodies? -- Is abortion part of a right to privacy? -- Does abortion harm a woman's physical and mental health? -- Is abortion right when pregnancy presents risks to the mother's life? -- Is abortion right when pregnancy is due to rape or incest? -- What about disabled and unwanted children? -- Does abortion prevent child abuse? -- Personally opposed to abortion, but pro-choice? -- What about adoption? -- Can God forgive abortions? -- Pro-life issues : distraction from the great commission or part of it? -- How can I help unborn babies and their mothers?
650 #0 - SUBJECT ADDED ENTRY--TOPICAL TERM
Topical term or geographic name as entry element Abortion
General subdivision Moral and ethical aspects.
9 (RLIN) 811
650 #0 - SUBJECT ADDED ENTRY--TOPICAL TERM
Topical term or geographic name as entry element Abortion
General subdivision Religious aspects
-- Christianity.
9 (RLIN) 812
650 #0 - SUBJECT ADDED ENTRY--TOPICAL TERM
Topical term or geographic name as entry element Right to life.
9 (RLIN) 813
856 41 - ELECTRONIC LOCATION AND ACCESS
Materials specified Table of contents
Uniform Resource Identifier http://www.loc.gov/catdir/toc/ecip0419/2004015517.html
856 42 - ELECTRONIC LOCATION AND ACCESS
Materials specified Contributor biographical information
Uniform Resource Identifier http://www.loc.gov/catdir/enhancements/fy0729/2004015517-b.html
856 42 - ELECTRONIC LOCATION AND ACCESS
Materials specified Publisher description
Uniform Resource Identifier http://www.loc.gov/catdir/enhancements/fy0729/2004015517-d.html
906 ## - LOCAL DATA ELEMENT F, LDF (RLIN)
a 7
b cbc
c orignew
d 1
e ecip
f 20
g y-gencatlg
942 ## - ADDED ENTRY ELEMENTS (KOHA)
Source of classification or shelving scheme
Koha item type Books
Copies
Lost status Koha item type Full call number Current Location Shelving location Source of classification or shelving scheme Date acquired Not for loan Damaged status Date last seen Price effective from Barcode Withdrawn status Copy number Permanent Location
 BooksHQ 766.15 .A53 2004RHEMA Bible Training CollegeGeneral Stacks 2011-03-16  2011-05-172011-03-1600021859 1RHEMA Bible Training College